000 02114nam a2200625 a 4500
001 21636
003 VRT
005 20260307100152.0
008 240315s2012 xo a b 000 m slo
015 _aSNBA2013
020 _a9788010022632
_q(viaz.)
035 _aB5718705-6E50-4002-9138-EE9B63B1F5E5
035 _aurn:nbn:sk:snk-amkyr4
035 _aurn:nbn:sk:snk-am008ps0
039 9 _a202403152009
_bVLOAD
_c202204221552
_dAUTHORITY
_c202204221532
_dAUTHORITY
_c202010151913
_dAUTHORITY
040 _aPOKPOH
_bslo
_cPOKPOH
_dSVKBB
_dSNK
_eAACR2
041 0 _aslo
044 _axo
_cSK
072 7 _a821.162.4-3
_xSlovenská próza
_2konspekt
072 7 _a821-93
_xLiteratúra pre deti a mládež (beletria)
_2konspekt
080 _a821.162.4-34
_22001
080 _a(0:82-93)
_22001
080 _a(0:82-34)
_22001
100 1 _aPavlovič, Jozef,
_d1934-2020
_4aut
245 1 0 _aLienka Anulienka
_cJozef Pavlovič ; ilustrovala Ľuba Končeková-Veselá
250 _a2. vyd.
260 _aBratislava
_bSlovenské pedagogické nakladateľstvo - Mladé letá
_c2012
300 _a125 s.
_bilustr.
_c24 cm
500 _aPrvé vyd. v r. 1982
521 1 _aPre čitateľov od 7 rokov
655 7 _aslovenské rozprávky
_2SNKPH
655 7 _apublikácie pre deti
_2SNKPH
655 7 _aSlovak fairy tales
_2SNKPHeng
655 7 _aChildren's literature
_2SNKPHeng
700 1 _aKončeková-Veselá, Ľuba,
_d1942-
_4ill
910 _asnk
910 _asllk
910 _abjkdg
910 _avthk
910 _attkjf
910 _ahevk
910 _askpk
910 _asvkbb
910 _apokpoh
910 _asavuk
910 _abin
942 _2ddc
_cKLDE
_n0
949 _63870A22604
_abinIL 1076
_bbin22604
949 _62889192430
_asavukPV 17093
_bsavuk2012/4960
949 _6270001000404616
_asvkbbB 48877
_bsvkbbm 732197
949 _6273K0560228
_asvkpoB 89839
_bsvkpo562116
949 _617A1060604
_asnkSC 152697
_bsnk2013/1149
_o2660/12
_s6100:20160112
949 _617A1060603
_asnkSC 152697 D1
_bsnk2013/1150
_o2660/12
999 _c21636
_d21636